Catholic University of Zimbabwe Library
Online Public Access Catalogue
(OPAC)

Special issue (Record no. 30952)

MARC details
000 -LEADER
fixed length control field 02712nam a2200457Ia 4500
001 - CONTROL NUMBER
control field bslw09002294
003 - CONTROL NUMBER IDENTIFIER
control field UtOrBLW
005 - DATE AND TIME OF LATEST TRANSACTION
control field 20210303085136.0
006 - FIXED-LENGTH DATA ELEMENTS--ADDITIONAL MATERIAL CHARACTERISTICS
fixed length control field m o d
007 - PHYSICAL DESCRIPTION FIXED FIELD--GENERAL INFORMATION
fixed length control field cr un|||||||||
008 - FIXED-LENGTH DATA ELEMENTS--GENERAL INFORMATION
fixed length control field 130122s2012 enka o 000 0 eng d
020 ## - INTERNATIONAL STANDARD BOOK NUMBER
International Standard Book Number 9781781904329 (electronic bk.) :
Terms of availability £67.95 ; €97.95 ; $114.95
040 ## - CATALOGING SOURCE
Original cataloging agency UtOrBLW
Transcribing agency UtOrBLW
050 #4 - LIBRARY OF CONGRESS CALL NUMBER
Classification number K3275
Item number .S64 2012
072 #7 - SUBJECT CATEGORY CODE
Subject category code LNDA
Source bicssc
072 #7 - SUBJECT CATEGORY CODE
Subject category code LNDA1
Source bicssc
072 #7 - SUBJECT CATEGORY CODE
Subject category code LAW032000
Source bisacsh
072 #7 - SUBJECT CATEGORY CODE
Subject category code POL035010
Source bisacsh
072 #7 - SUBJECT CATEGORY CODE
Subject category code LAW000000
Source bisacsh
080 ## - UNIVERSAL DECIMAL CLASSIFICATION NUMBER
Universal Decimal Classification number 342
082 04 - DEWEY DECIMAL CLASSIFICATION NUMBER
Classification number 342.082
Edition number 23
245 00 - TITLE STATEMENT
Title Special issue
Medium [electronic resource] :
Remainder of title who belongs? : immigration, citizenship, and the constitution of legality /
Statement of responsibility, etc. edited by Austin Sarat.
260 ## - PUBLICATION, DISTRIBUTION, ETC.
Place of publication, distribution, etc. Bingley, U.K. :
Name of publisher, distributor, etc. Emerald,
Date of publication, distribution, etc. 2012.
300 ## - PHYSICAL DESCRIPTION
Extent 1 online resource (x, 139 p.) :
Other physical details ill.
490 1# - SERIES STATEMENT
Series statement Studies in law, politics, and society,
International Standard Serial Number 1059-4337 ;
Volume/sequential designation v. 60
505 0# - FORMATTED CONTENTS NOTE
Formatted contents note Sovereignty and its alternatives : on the terms of (illegal) alienage in U.S. law / Hamsa M. Murthy -- Interrogating birthright citizenship / Peter J. Spiro -- Being American/becoming American : birthright citizenship and immigrants' membership in the United States / Irene Bloemraad -- Extending hospitality? : history, courts, and the executive / Dagmar Soennecken -- Evaluating and explaining the restrictive backlash in citizenship policy in Europe / Sara Wallace Goodman, Marc Morjé Howard.
520 ## - SUMMARY, ETC.
Summary, etc. The objective of "Studies in Law, Politics, and Society" is to provide a vehicle for the publication of scholarly articles within the broad parameters of interdisciplinary legal scholarship. Whereas other law related publications publish within a single domain - the humanities, social science, or legal doctrine. Studies seeks to bridge those divides. We encourage submissions from a broad range of legal scholars and welcome articles exemplifying different theoretical perspectives and methodological approaches. We welcome submissions from an international group of scholars.
588 0# - SOURCE OF DESCRIPTION NOTE
Source of description note Print version record
650 #7 - SUBJECT ADDED ENTRY--TOPICAL TERM
Topical term or geographic name entry element Law
General subdivision Emigration & Immigration.
Source of heading or term bisacsh
650 #7 - SUBJECT ADDED ENTRY--TOPICAL TERM
Topical term or geographic name entry element Political Science
General subdivision Political Freedom & Security
-- Human Rights.
Source of heading or term bisacsh
650 #7 - SUBJECT ADDED ENTRY--TOPICAL TERM
Topical term or geographic name entry element Law
General subdivision General.
Source of heading or term bisacsh
650 #7 - SUBJECT ADDED ENTRY--TOPICAL TERM
Topical term or geographic name entry element Citizenship & nationality law.
Source of heading or term bicssc
650 #7 - SUBJECT ADDED ENTRY--TOPICAL TERM
Topical term or geographic name entry element Immigration law.
Source of heading or term bicssc
650 #0 - SUBJECT ADDED ENTRY--TOPICAL TERM
Topical term or geographic name entry element Citizenship.
650 #0 - SUBJECT ADDED ENTRY--TOPICAL TERM
Topical term or geographic name entry element Emigration and immigration
General subdivision Government policy.
650 #0 - SUBJECT ADDED ENTRY--TOPICAL TERM
Topical term or geographic name entry element Emigration and immigration law.
700 1# - ADDED ENTRY--PERSONAL NAME
Personal name Sarat, Austin.
776 1# - ADDITIONAL PHYSICAL FORM ENTRY
International Standard Book Number 9781781904312
830 #0 - SERIES ADDED ENTRY--UNIFORM TITLE
Uniform title Studies in law, politics, and society ;
Volume/sequential designation v. 60.
856 40 - ELECTRONIC LOCATION AND ACCESS
Uniform Resource Identifier <a href="https://www.emerald.com/insight/publication/doi/10.1108/S1059-4337(2013)60">https://www.emerald.com/insight/publication/doi/10.1108/S1059-4337(2013)60</a>
Holdings
Withdrawn status Lost status Source of classification or shelving scheme Damaged status Not for loan Home library Current library Shelving location Date acquired Total Checkouts Full call number Date last seen Uniform Resource Identifier Price effective from Koha item type
          Digital Library Digital Library Online Access 03.03.2021   K3275 .S64 2012 03.03.2021 https://www.emerald.com/insight/publication/doi/10.1108/S1059-4337(2013)60 03.03.2021 eBook

OPENING HOURS

Weekdays: 0815hrs - 1800hrs
Weekends:0900hrs - 1200hrs

Closed for Mass:

Mon, Thur: 1200hrs - 1300hrs
Sunday & Public Holiday’s

CALL SUPPORT

0242-570570, 0242-570169
09200664, +263 8644140602

LOCATION

18443, Cranborne Avenue, Hatfield, Harare

Other Links


©2021 | CUZ Library